Understanding urban ecosystems : (Record no. 19726)

MARC details
000 -LEADER
fixed length control field 01631cam a22003614a 4500
001 - CONTROL NUMBER
control field 12753727
003 - CONTROL NUMBER IDENTIFIER
control field OSt
005 - DATE AND TIME OF LATEST TRANSACTION
control field 20211123111537.0
008 - FIXED-LENGTH DATA ELEMENTS--GENERAL INFORMATION
fixed length control field 020425s2003 nyua b 101 0 eng
010 ## - LIBRARY OF CONGRESS CONTROL NUMBER
LC control number 2002070474
020 ## - INTERNATIONAL STANDARD BOOK NUMBER
International Standard Book Number 0387954961 (alk. paper)
020 ## - INTERNATIONAL STANDARD BOOK NUMBER
International Standard Book Number 0387952373 (pbk. : alk. paper)
040 ## - CATALOGING SOURCE
Original cataloging agency DLC
Transcribing agency HU
Modifying agency DLC
042 ## - AUTHENTICATION CODE
Authentication code pcc
050 00 - LIBRARY OF CONGRESS CALL NUMBER
Classification number HT241
Item number .C37 1999
082 00 - DEWEY DECIMAL CLASSIFICATION NUMBER
Classification number 307.76BER 1999
Edition number 21
111 2# - MAIN ENTRY--MEETING NAME
Meeting name or jurisdiction name as entry element Cary Conference
Number of part/section/meeting (8th :
Date of meeting or treaty signing 1999 :
Location of meeting Institute of Ecosystem Studies)
9 (RLIN) 20070
245 10 - TITLE STATEMENT
Title Understanding urban ecosystems :
Remainder of title a new frontier for science and education /
Statement of responsibility, etc. editors, Alan R. Berkowitz, Charles H. Nilon, Karen S. Hollweg.
260 ## - PUBLICATION, DISTRIBUTION, ETC.
Place of publication, distribution, etc. New York :
Name of publisher, distributor, etc. Springer,
Date of publication, distribution, etc. c2003.
300 ## - PHYSICAL DESCRIPTION
Extent xxix, 523 p. :
Other physical details ill. ;
Dimensions 24 cm.
504 ## - BIBLIOGRAPHY, ETC. NOTE
Bibliography, etc. note Includes bibliographical references and index.
650 #0 - SUBJECT ADDED ENTRY--TOPICAL TERM
Topical term or geographic name entry element Urban ecology (Sociology)
Form subdivision Congresses.
9 (RLIN) 20071
650 #0 - SUBJECT ADDED ENTRY--TOPICAL TERM
Topical term or geographic name entry element Ecosystem management
Form subdivision Congresses.
9 (RLIN) 10247
650 #0 - SUBJECT ADDED ENTRY--TOPICAL TERM
Topical term or geographic name entry element Biotic communities
General subdivision Study and teaching
Form subdivision Congresses.
9 (RLIN) 20072
700 1# - ADDED ENTRY--PERSONAL NAME
Personal name Berkowitz, Alan R.
9 (RLIN) 20073
700 1# - ADDED ENTRY--PERSONAL NAME
Personal name Nilon, Charles H.,
Dates associated with a name 1956-
9 (RLIN) 20074
700 1# - ADDED ENTRY--PERSONAL NAME
Personal name Hollweg, Karen S.
9 (RLIN) 20075
856 42 - ELECTRONIC LOCATION AND ACCESS
Materials specified Publisher description
Uniform Resource Identifier <a href="http://www.loc.gov/catdir/enhancements/fy0817/2002070474-d.html">http://www.loc.gov/catdir/enhancements/fy0817/2002070474-d.html</a>
856 41 - ELECTRONIC LOCATION AND ACCESS
Materials specified Table of contents only
Uniform Resource Identifier <a href="http://www.loc.gov/catdir/enhancements/fy0817/2002070474-t.html">http://www.loc.gov/catdir/enhancements/fy0817/2002070474-t.html</a>
906 ## - LOCAL DATA ELEMENT F, LDF (RLIN)
a 7
b cbc
c orignew
d 1
e ocip
f 20
g y-gencatlg
942 ## - ADDED ENTRY ELEMENTS (KOHA)
Source of classification or shelving scheme Dewey Decimal Classification
Koha item type Books like text book referance book
Suppress in OPAC No
Holdings
Withdrawn status Lost status Source of classification or shelving scheme Damaged status Not for loan Collection code Home library Current library Shelving location Date acquired Total Checkouts Full call number Barcode Date last seen Copy number Price effective from Koha item type
    Dewey Decimal Classification     Reference Wondo Genet Library Wondo Genet Library General Stacks 11/23/2021   307.76BER 1999 WGCFNRL00007045 11/23/2021 1 11/23/2021 Books like text book referance book
    Dewey Decimal Classification     Reference Wondo Genet Library Wondo Genet Library General Stacks 11/23/2021   307.76BER 1999 WGCFNRL00007046 11/23/2021 2 11/23/2021 Books like text book referance book